MARC

LEADER 00000nam0a2200000 4500
001 158391
005 20231031154413.0
035 |a (RuTPU)RU\TPU\book\171782 
090 |a 158391 
100 |a 20090422d1966 m y0rusy50 ca 
101 0 |a rus 
102 |a RU 
105 |a a j 001zy 
200 1 |a Специальные методы обогащения полезных ископаемых  |e учебное пособие  |f В. Г. Деркач 
210 |a Москва  |c Недра  |d 1966 
215 |a 338 с.  |c ил. 
320 |a Библиогр.: с. 328-334. 
610 1 |a обогащение 
610 1 |a полезные ископаемые 
610 1 |a магнитные методы 
610 1 |a магнитные свойства 
610 1 |a минералы 
610 1 |a магнитные поля 
610 1 |a сепараторы 
610 1 |a руда 
610 1 |a электрические методы 
610 1 |a регенерация 
610 1 |a магнитная обработка 
610 1 |a рудоразборка 
610 1 |a дробление 
610 1 |a декрипитация 
610 1 |a биологическое выщелачивание 
610 1 |a учебные пособия 
675 |a 622.7.(075.8)  |v 3 
700 1 |a Деркач  |b В. Г.  |g Виктор Гершович 
801 1 |a RU  |b 63413507  |c 20090422  |g PSBO 
801 2 |a RU  |b 63413507  |c 20091225  |g RCR 
942 |c BK